Kaburi bila msalaba (Record no. 16523)

MARC details
000 -LEADER
fixed length control field 00496nam a22001817a 4500
003 - CONTROL NUMBER IDENTIFIER
control field OSt
005 - DATE AND TIME OF LATEST TRANSACTION
control field 20171003140410.0
008 - FIXED-LENGTH DATA ELEMENTS--GENERAL INFORMATION
fixed length control field 171003b xxu||||| |||| 00| 0 eng d
020 ## - INTERNATIONAL STANDARD BOOK NUMBER
International Standard Book Number 9966472517
040 ## - CATALOGING SOURCE
Original cataloging agency KABU
Transcribing agency KABU
050 ## - LIBRARY OF CONGRESS CALL NUMBER
Classification number PL8704
Item number .K37K33 1989
100 ## - MAIN ENTRY--PERSONAL NAME
Personal name Kareithi, P.M.
245 ## - TITLE STATEMENT
Title Kaburi bila msalaba
Statement of responsibility, etc. P.M. Kareithi
260 ## - PUBLICATION, DISTRIBUTION, ETC. (IMPRINT)
Place of publication, distribution, etc. Nairobi
Name of publisher, distributor, etc. Phoenix
Date of publication, distribution, etc. 1989
300 ## - PHYSICAL DESCRIPTION
Extent viii, 120 p.
650 ## - SUBJECT ADDED ENTRY--TOPICAL TERM
Topical term or geographic name as entry element Mau Mau
Form subdivision Fiction
942 ## - ADDED ENTRY ELEMENTS (KOHA)
Source of classification or shelving scheme Library of Congress Classification
Koha item type General Collection
Classification part PL8704
Item part .K37K33 1989
Holdings
Withdrawn status Lost status Source of classification or shelving scheme Not for loan Home library Current library Shelving location Date acquired Cost, normal purchase price Inventory number Total Checkouts Full call number Barcode Date last seen Date last checked out Copy number Price effective from Koha item type
    Library of Congress Classification   Kabarak, Main Campus Kabarak, Main Campus Reserve Collection 03/10/2017 1.00 2017/0350 1 PL8704 .K37K33 1989 c.1 027709 06/05/2019 06/05/2019 c.1 03/10/2017 Inter-Library Loans
    Library of Congress Classification   Kabarak, Main Campus Kabarak, Main Campus Reserve Collection 03/10/2017 1.00 2017/0351   PL8704 .K37K33 1989 c.2 027708 03/10/2017   c.2 03/10/2017 Inter-Library Loans
Designed with assistance from East African Informatics Ltd